| 000 | 00480nam a2200181Ia 4500 | ||
|---|---|---|---|
| 003 | GCL | ||
| 008 | 140319s9999 xx 000 0 eng d | ||
| 040 |
_aGCL / _cGCL |
||
| 082 | 0 | 4 |
_a297.09024 _bW I |
| 100 | 1 | _aWATT, W. MONTGOMERY | |
| 245 | 1 | 0 |
_aTHE INFUENCE OF ISLAM ON MEDIEVAL EUROPE / _cWATT, W. MONTGOMERY |
| 260 |
_a[S.N] : _bEDINBURGH UNIVERSITY PRESS ، _c1982 |
||
| 300 | _a125 P | ||
| 650 | 0 | 4 | _aنجد |
| 650 | 0 | 4 | _aEUROPE |
| 650 | 0 | 4 | _aMEDIEVAL |
| 942 |
_2ddc _cBK |
||
| 999 |
_c24009 _d24009 |
||